000 00766nam a22002657a 4500
001 0074
003 DO-SdBNP
005 20180131121339.0
007 0074
008 151019b sp 1981 xxu||||| |||| 00| 0 spa d
020 _a8427230192
040 _aBPMSU
_bspa
_cBPMSU
092 _axxxxxxxx
_bxxxxxxxx
100 1 0 _aBlyton, Enid
245 1 4 _aLas mellizas cambian de colegio /
_cEnid Blyton ; traducción Isabel Franco ; ilustración José María Bea
260 _aBarcelona, España :
_bMolino
_c1981
300 _a176 p. :
_bil.,
_c20 cm.
490 1 0 _aAventura
_v19
700 _aFranco, Isabel,
_etr.
700 1 0 _aBea, José María,
_eil.
830 0 0 _aAventura
_n19
942 _2ddc
_cBK
945 _aInventariado, 2018/MFF
956 _aBrenda Tavárez
999 _c8393
_d8393